تحميل...

Elements of real analysis /

التفاصيل البيبلوغرافية
المؤلف الرئيسي: Malik, S. C.
التنسيق: Printed Book
اللغة:English
منشور في: New Delhi : Wiley Eastern, 1983.
LEADER 00714nam a2200145Ia 4500
008 150624b xxu||||| |||| 00| 0 eng d
082 |a 515.8 
100 |a Malik, S. C. 
245 |a Elements of real analysis /  |c S. C. Malik 
260 |a New Delhi :  |b Wiley Eastern,  |c 1983. 
300 |a 240 p. 
505 |a 1. Real numbers 2. Limit points:open and closed sets 3. Real sequences 4. Infinite series 5. Functions with interval as domain(1) 6. Functions with interval as domain(11) 7. Applications of Taylor's theorem 8. Elementary functions 9. Riemann integral 
942 |c BK 
999 |c 35740  |d 35740 
952 |0 0  |1 0  |4 0  |6 515_800000000000000_MAL_E  |7 0  |9 35739  |a UL  |b UL  |c ST1  |d 1998-09-01  |l 0  |o 515.8 MAL/E  |p 51377  |r 2012-10-27  |w 2012-10-27  |y BK